| 000 | 00709nam a2200229 i 4500 | ||
|---|---|---|---|
| 001 | 9300 | ||
| 003 | ES-MaACL | ||
| 005 | 20230906145639.0 | ||
| 007 | t| | ||
| 008 | 930728s1987 sp ||||1| spa d | ||
| 020 | _a84-7472-076-1 | ||
| 080 | _a297:291.8 | ||
| 080 | _a291.8:297 | ||
| 100 | 1 |
_aKassis, Hanna E. _967610 |
|
| 245 | 1 | 4 |
_aLas Concordancias del Corán / _cpor Hanna E. Kassis y Karl I. Kobbervig. |
| 260 |
_aMadrid : _bInstituto Hispano-Arabe de Cultura, _c1987. |
||
| 300 |
_aXXXVIII, 882 p. ; _c24 cm. |
||
| 630 | 0 | 4 |
_aCorán- _xConcordancias. _9120328 |
| 700 | 1 |
_aKobbervig, Karl I. _968390 |
|
| 710 | 2 |
_aInstituto Hispano-Árabe de Cultura. _9162165 |
|
| 852 |
_aES-MaACL _jL-4805 _bR.116965 |
||
| 999 |
_c9300 _d9300 |
||